header

Modernity and religion (Record no. 186358)

MARC details
000 -LEADER
fixed length control field 01170nam a2200301Ia 4500
245 00 - TITLE STATEMENT
Title Modernity and religion
260 ## - PUBLICATION, DISTRIBUTION, ETC. (IMPRINT)
Place of publication Waterloo, Ont., Canada :
Name of publisher Published for the Canadian Corp. for Studies in Religion by W. Laurier University Press,
Year of publication 1987.
300 ## - PHYSICAL DESCRIPTION
Number of Pages 191 p.
490 1# - SERIES STATEMENT
Series statement SR supplements ;
650 #0 - SUBJECT ADDED ENTRY--TOPICAL TERM
Topical Term Religion.
Topical Term Religious thought.
700 1# - ADDED ENTRY--PERSONAL NAME
Personal name Nicholls, William.
856 40 - ELECTRONIC LOCATION AND ACCESS
Uniform Resource Identifier http://site.ebrary.com/lib/rucke/Doc?id=10141362

No items available.

© 2026 Rongo University
Contact us: librarian | system librarian | Rongo university